| 000 | 00434nam a2200169Ia 4500 | ||
|---|---|---|---|
| 003 | GCL | ||
| 008 | 140319s9999 xx 000 0 eng d | ||
| 040 |
_aGCL / _cGCL |
||
| 082 | 0 | 4 |
_aCH _b945 _bE V |
| 100 | 1 | _aELIZ, TRIMBACH | |
| 245 | 1 | 0 |
_aVOYAGE DANS LA ROME DES CESARS / _cELIZ, TRIMBACH |
| 700 | 1 | _aIOCL DERVEN | |
| 260 |
_a[S.N] : _bHACHETTE JEUNESSE ، _c1988 |
||
| 650 | 0 | 4 | _aCHILDREN |
| 650 | 0 | 4 | _aHISTORY |
| 942 |
_2ddc _cBK |
||
| 999 |
_c15096 _d15096 |
||